[Event "II Memorial Doriano Spinelli"]
[Site "Torino ITA"]
[Date "2016.12.03"]
[Round "3"]
[White "Chianale, Angelo"]
[Black "Gola, Giorgio"]
[WhiteElo "1691"]
[BlackElo "1515"]
[Result "0-1"]
[PlyCount "164"]
[EventDate "2016.12.01"]

1. e4 e6 2. d3 d5 3. Nd2 c5 4. Ngf3 Nc6 5. g3 Nf6 6. Bg2 Be7 7. O-O O-O 8. Re1
d4 9. e5 Nd7 10. Nf1 f6 11. exf6 Nxf6 12. Bf4 Nd5 13. Bd2 Bf6 14. h4 e5 15. Ng5
Bxg5 16. Bxg5 Qd6 17. Nh2 Nf6 18. Qd2 Ng4 19. Nxg4 Bxg4 20. f3 Bxf3 21. Rf1
Bxg2 22. Qxg2 h6 23. Bd2 b6 24. Qe4 Ne7 25. Rae1 Nc6 26. a3 Rxf1+ 27. Rxf1 Rf8
28. Rxf8+ Kxf8 29. h5 Qe6 30. Kg2 Kf7 31. g4 Ne7 32. b3 Qd5 33. Kf3 Ke6 34. Be1
Ng8 35. Bh4 Nf6 36. Qxd5+ Kxd5 37. Bg3 b5 38. Bh2 Nd7 39. Bg3 a5 40. Bh4 Nf6
41. Bg3 Nh7 42. Bh2 Ng5+ 43. Ke2 Ne6 44. Kf3 a4 45. bxa4 bxa4 46. Bg3 Ng5+ 47.
Ke2 e4 48. dxe4+ Nxe4 49. Bf4 c4 50. Bc1 c3 51. Kf3 Ng5+ 52. Kf4 Kc4 53. Kf5 d3
54. cxd3+ Kxd3 55. Kg6 Ne6 56. Kf7 Kc2 57. Be3 Kb2 58. Kxe6 Kxa3 59. Kf7 c2 60.
Bc1+ Kb3 61. Kxg7 a3 62. Kxh6 a2 63. g5 a1=Q 64. Bf4 Qh8+ 65. Kg6 Qg8+ 66. Kf5
Qd5+ 67. Kf6 Qd4+ 68. Kf5 Qd7+ 69. Kf6 Qg4 70. Bc1 Qxh5 71. g6 Qf3+ 72. Kg7 Qd1
73. Bh6 c1=Q 74. Bxc1 Qxc1 75. Kh7 Qh1+ 76. Kg8 Kc4 77. Kg7 Kd5 78. Kf7 Qf3+
79. Kg8 Ke6 80. Kh8 Qh5+ 81. Kg8 Kf6 82. Kf8 Qh8# 0-1

[Event "II Memorial Doriano Spinelli"]
[Site "Torino ITA"]
[Date "2016.12.03"]
[Round "3"]
[White "Coqueraut, Lodewyk"]
[Black "Femia, Nicola"]
[WhiteElo "1670"]
[BlackElo "1817"]
[Result "1/2-1/2"]
[PlyCount "59"]
[EventDate "2016.12.01"]

1. d4 d5 2. Nf3 Nf6 3. c4 c6 4. Nc3 Nbd7 5. cxd5 cxd5 6. Bf4 a6 7. e3 e6 8. Bd3
Be7 9. Rc1 O-O 10. O-O b5 11. a3 Bb7 12. h3 Rc8 13. Bb1 Ne4 14. Qd3 Ndf6 15.
Ne5 Nxc3 16. Rxc3 Rxc3 17. Qxc3 a5 18. Qd3 b4 19. g4 h6 20. Rc1 bxa3 21. bxa3
Ne4 22. f3 Nf6 23. g5 hxg5 24. Bxg5 Ne4 25. Bf4 Nf6 26. Ng4 g6 27. Rc7 Nxg4 28.
fxg4 Ba8 29. Be5 Bd6 30. Rxf7 1/2-1/2

[Event "II Memorial Doriano Spinelli"]
[Site "Torino ITA"]
[Date "2016.12.03"]
[Round "3"]
[White "Di Chiara, Mauro"]
[Black "Tripodi, Enzo"]
[WhiteElo "1933"]
[BlackElo "1919"]
[Result "1/2-1/2"]
[PlyCount "86"]
[EventDate "2016.12.01"]

1. Nf3 Nf6 2. c4 e6 3. d4 b6 4. g3 Bb7 5. Bg2 Be7 6. O-O O-O 7. Nc3 Ne4 8. Qc2
Nxc3 9. Qxc3 f5 10. Rd1 Bf6 11. Bf4 d6 12. Qd2 Qe7 13. d5 e5 14. Bg5 h6 15.
Bxf6 Qxf6 16. b4 Nd7 17. Qc3 Rae8 18. e3 g5 19. Rac1 Qg7 20. Qb2 Bc8 21. Kh1 e4
22. Qxg7+ Kxg7 23. Nd4 Ne5 24. Bf1 f4 25. exf4 gxf4 26. Kg1 fxg3 27. hxg3 Bg4
28. Rd2 Nf3+ 29. Nxf3 Bxf3 30. Re1 Rf5 31. Re3 Kf6 32. Be2 Ree5 33. Bd1 h5 34.
Rd4 Bxd1 35. Rxd1 Re7 36. Rde1 Rfe5 37. a4 a6 38. b5 a5 39. Kg2 Kg5 40. Rh1 Rf7
41. Rhe1 Rfe7 42. Rh1 Rh7 43. Rh4 Rhe7 1/2-1/2

[Event "II Memorial Doriano Spinelli"]
[Site "Torino ITA"]
[Date "2016.12.03"]
[Round "3"]
[White "Ferrara, Davide"]
[Black "Bisi, Samuele"]
[WhiteElo "1591"]
[BlackElo "2084"]
[Result "0-1"]
[PlyCount "54"]
[EventDate "2016.12.01"]

1. d4 Nf6 2. c4 e6 3. Nc3 c5 4. d5 exd5 5. cxd5 d6 6. Nf3 g6 7. Bf4 a6 8. e4
Bg7 9. a4 Bg4 10. h3 Bxf3 11. Qxf3 O-O 12. Bd3 Qe7 13. Bg5 Nbd7 14. Qe2 Qe5 15.
Bxf6 Nxf6 16. O-O Nh5 17. g3 Nxg3 18. fxg3 Qxg3+ 19. Kh1 Qxh3+ 20. Kg1 Bd4+ 21.
Rf2 Qg3+ 22. Kf1 Bxf2 23. Qxf2 Qxd3+ 24. Kg2 f5 25. Rd1 fxe4 26. Qh4 Qf3+ 27.
Kg1 Rf4 0-1

[Event "II Memorial Doriano Spinelli"]
[Site "Torino ITA"]
[Date "2016.12.03"]
[Round "3"]
[White "Ferri, Fabio"]
[Black "Zuccaro, Marco"]
[WhiteElo "1831"]
[BlackElo "1895"]
[Result "1-0"]
[PlyCount "137"]
[EventDate "2016.12.01"]

1. e4 c6 2. d4 d5 3. Nc3 dxe4 4. Nxe4 Bf5 5. Ng3 Bg6 6. h4 h6 7. h5 Bh7 8. Nf3
Nf6 9. Bd3 Bxd3 10. Qxd3 e6 11. Bd2 Nbd7 12. Nf1 Qb6 13. O-O-O O-O-O 14. Ne3 c5
15. d5 exd5 16. Nxd5 Qe6 17. Ba5 b6 18. Qa6+ Kb8 19. Rhe1 Qc6 20. Nxf6 gxf6 21.
Bc3 Bd6 22. Qc4 Rhf8 23. Kb1 Kc7 24. Qd5 Qxd5 25. Rxd5 Kc6 26. Red1 Bf4 27. Nh4
Bc7 28. Nf5 Ne5 29. Rxd8 Bxd8 30. Nxh6 Rh8 31. Bxe5 Rxh6 32. Bf4 Rh8 33. h6 Bc7
34. Bxc7 Kxc7 35. Rh1 Kd6 36. Kc1 Ke5 37. Kd2 f5 38. Ke3 f4+ 39. Kf3 a5 40. h7
b5 41. Rh5+ f5 42. g4 fxg3 43. fxg3 Kf6 44. Kf4 Kg6 45. Rh4 c4 46. Ke5 Kg5 47.
b3 cxb3 48. cxb3 b4 49. Rh1 Re8+ 50. Kd6 Rh8 51. Ke7 Kg4 52. Kf6 Rf8+ 53. Kg7
Re8 54. h8=Q Rxh8 55. Kxh8 Kxg3 56. Kg7 f4 57. Kf6 f3 58. Ke5 f2 59. Kd4 Kg2
60. Rc1 f1=Q 61. Rxf1 Kxf1 62. Kc4 Ke2 63. Kb5 Kd3 64. Kxa5 Kc3 65. Kb5 Kb2 66.
Kxb4 Kxa2 67. Ka4 Kb2 68. b4 Kc3 69. b5 1-0

[Event "II Memorial Doriano Spinelli"]
[Site "Torino ITA"]
[Date "2016.12.03"]
[Round "3"]
[White "Paparella, Nicole Samantha"]
[Black "Fassio, Francesco"]
[WhiteElo "1772"]
[BlackElo "1617"]
[Result "1/2-1/2"]
[PlyCount "107"]
[EventDate "2016.12.01"]

1. d4 d5 2. Bf4 c6 3. e3 Nf6 4. Nd2 e6 5. c3 Bd6 6. Bxd6 Qxd6 7. Ngf3 Nbd7 8.
Bd3 b6 9. h3 Bb7 10. Qc2 h6 11. Rc1 c5 12. c4 cxd4 13. Nxd4 O-O 14. O-O a6 15.
cxd5 Qxd5 16. N2f3 b5 17. Qb3 Rfc8 18. Rfd1 Nc5 19. Qxd5 Bxd5 20. Bb1 Na4 21.
Rxc8+ Rxc8 22. b3 Nc3 23. Re1 Nxb1 24. Rxb1 b4 25. Rb2 Be4 26. Ne5 Rc7 27. Kh2
Rc5 28. Nc4 Bd3 29. Nd2 e5 30. N4f3 e4 31. Nd4 Nd5 32. a3 bxa3 33. Ra2 Nc3 34.
Rxa3 Nd1 35. f3 exf3 36. N2xf3 Rc3 37. e4 Ne3 38. Nd2 Nc2 39. Nxc2 Rxc2 40. Nc4
Bxe4 41. Ne3 Rc3 42. Nc4 Rc2 43. Ne3 Rc3 44. Nc4 f5 45. Rxa6 Rxb3 46. Nd2 Rb2
47. Nxe4 fxe4 48. Re6 Re2 49. Kg1 Kf7 50. Rc6 e3 51. Kf1 Rf2+ 52. Kg1 Rd2 53.
Kf1 Rf2+ 54. Kg1 1/2-1/2

[Event "II Memorial Doriano Spinelli"]
[Site "Torino ITA"]
[Date "2016.12.03"]
[Round "3"]
[White "Raccanello, Marianna"]
[Black "Novaria, Ivan"]
[WhiteElo "1872"]
[BlackElo "1708"]
[Result "1-0"]
[PlyCount "63"]
[EventDate "2016.12.01"]

1. e4 c5 2. Nf3 e6 3. d4 cxd4 4. Nxd4 Nf6 5. Nc3 d6 6. Be3 a6 7. f3 b5 8. Qd2
Nbd7 9. O-O-O b4 10. Na4 Qa5 11. b3 Nc5 12. Nc6 Qc7 13. Bxc5 Qxc6 14. Bxd6 Bxd6
15. Qxd6 Qxd6 16. Rxd6 Ke7 17. Rd2 a5 18. Bc4 Rd8 19. Rxd8 Kxd8 20. Rd1+ Kc7
21. e5 Nd7 22. f4 Ba6 23. Bxa6 Rxa6 24. Rxd7+ Kxd7 25. Nc5+ Kc6 26. Nxa6 Kb6
27. Nxb4 axb4 28. Kd2 Kc5 29. c3 bxc3+ 30. Kxc3 f6 31. a4 fxe5 32. fxe5 1-0

[Event "II Memorial Doriano Spinelli"]
[Site "Torino ITA"]
[Date "2016.12.03"]
[Round "3"]
[White "Sorcinelli, Francesco"]
[Black "Messina, Francesco"]
[WhiteElo "2084"]
[BlackElo "1953"]
[Result "1-0"]
[PlyCount "75"]
[EventDate "2016.12.01"]

1. e4 c5 2. Nf3 g6 3. d4 cxd4 4. Nxd4 Bg7 5. Nc3 Nc6 6. Be3 Nf6 7. Bc4 O-O 8.
Bb3 d6 9. f3 Bd7 10. Qd2 Rc8 11. h4 h5 12. O-O-O Ne5 13. Bg5 Rc5 14. g4 hxg4
15. f4 Nc4 16. Qe2 Qc8 17. h5 gxh5 18. Bxc4 Rxc4 19. e5 Rxc3 20. bxc3 Nd5 21.
Rxh5 Qxc3 22. Nb3 Bc6 23. Rd3 Qc4 24. Qxg4 f5 25. exf6 Nxf6 26. Bxf6 Rxf6 27.
Nd4 Be4 28. Rg5 Bxd3 29. Rxg7+ Kf8 30. Rg5 Rh6 31. f5 Rh1+ 32. Kd2 Rh2+ 33. Ke3
Bf1 34. Ne6+ Kf7 35. Rg7+ Kf6 36. Qg5+ Ke5 37. f6+ Kxe6 38. Rxe7# 1-0

[Event "II Memorial Doriano Spinelli"]
[Site "Torino ITA"]
[Date "2016.12.03"]
[Round "3"]
[White "Wisbey, Danilo"]
[Black "Cutelli, Massimo"]
[WhiteElo "1585"]
[BlackElo "1850"]
[Result "0-1"]
[PlyCount "66"]
[EventDate "2016.12.01"]

1. d4 Nf6 2. Nf3 e6 3. Bf4 d5 4. e3 c5 5. c3 Nc6 6. Nbd2 Bd6 7. Bg3 O-O 8. Bd3
cxd4 9. exd4 Qc7 10. Bxd6 Qxd6 11. O-O e5 12. dxe5 Nxe5 13. Nxe5 Qxe5 14. Nf3
Qf4 15. Qd2 Qg4 16. Qg5 Re8 17. Rfe1 Bd7 18. h3 Qxg5 19. Nxg5 h6 20. Nf3 Ne4
21. Re2 Nc5 22. Rxe8+ Rxe8 23. Bf1 Bf5 24. Rd1 Be4 25. Re1 Kf8 26. Nd2 g6 27.
b3 Rc8 28. Rc1 b5 29. f3 Bd3 30. Bxd3 Nxd3 31. Rc2 Nb4 32. Rb2 Rxc3 33. Kf2
Nd3+ 0-1

[Event "II Memorial Doriano Spinelli"]
[Site "Torino ITA"]
[Date "2016.12.03"]
[Round "3"]
[White "Yao, Stefano"]
[Black "Finocchiaro, Gianluca"]
[WhiteElo "2161"]
[BlackElo "2048"]
[Result "1-0"]
[PlyCount "71"]
[EventDate "2016.12.01"]

1. d4 d5 2. Nf3 c6 3. c4 e6 4. Qc2 f5 5. Bf4 Nf6 6. e3 Bb4+ 7. Nbd2 Ne4 8. a3
Be7 9. Bd3 Nd7 10. h3 Ndf6 11. g4 Qa5 12. gxf5 exf5 13. Rg1 g6 14. c5 a6 15. b4
Qd8 16. Nb3 O-O 17. Ne5 Nh5 18. O-O-O Nxf4 19. exf4 Bf6 20. f3 Bxe5 21. fxe5
Ng5 22. Qg2 Ne6 23. Qf2 b6 24. cxb6 Nf4 25. Bf1 Qxb6 26. Na5 Ne6 27. h4 Kf7 28.
f4 c5 29. dxc5 Qd8 30. h5 gxh5 31. Be2 Ng7 32. Rg5 h6 33. Bxh5+ Nxh5 34. Rxh5
Qe8 35. Qh4 Qe6 36. Rxh6 1-0

[Event "II Memorial Doriano Spinelli"]
[Site "Torino ITA"]
[Date "2016.12.03"]
[Round "4"]
[White "Bergero, Simone"]
[Black "Chiabrando, Davide"]
[WhiteElo "1860"]
[BlackElo "1693"]
[Result "1-0"]
[PlyCount "51"]
[EventDate "2016.12.01"]

1. d4 d5 2. c4 e6 3. Nc3 Nf6 4. Bg5 Nbd7 5. e3 Be7 6. Qc2 c6 7. cxd5 exd5 8.
Bd3 O-O 9. Nge2 b6 10. g4 g6 11. Bxf6 Nxf6 12. g5 Ne8 13. h4 Nd6 14. Ng3 f5 15.
gxf6 Rxf6 16. h5 Bf5 17. hxg6 Bxg6 18. Nh5 Qe8 19. Nxf6+ Bxf6 20. O-O-O Ne4 21.
Rdg1 Kf8 22. Kb1 Rc8 23. f3 Nxc3+ 24. bxc3 Qxe3 25. Bxg6 hxg6 26. Qxg6 1-0

[Event "II Memorial Doriano Spinelli"]
[Site "Torino ITA"]
[Date "2016.12.03"]
[Round "4"]
[White "Bisi, Riccardo"]
[Black "Yao, Stefano"]
[WhiteElo "2028"]
[BlackElo "2161"]
[Result "0-1"]
[PlyCount "90"]
[EventDate "2016.12.01"]

1. e4 c6 2. d4 d5 3. exd5 cxd5 4. Bd3 Nc6 5. c3 Nf6 6. Bg5 Bg4 7. Nf3 e6 8.
Nbd2 Be7 9. Qb3 Qc7 10. Bh4 O-O 11. h3 Bh5 12. O-O Bg6 13. Bxg6 hxg6 14. Rfe1
Bd6 15. Rac1 Rfc8 16. c4 Na5 17. Qa4 dxc4 18. Bxf6 gxf6 19. b3 b5 20. Qxb5 Rab8
21. Qa6 Bb4 22. Nxc4 Bxe1 23. Nxe1 Nxc4 24. Rxc4 Qd7 25. Nc2 Rxc4 26. Qxc4 Rc8
27. Qe2 Qc7 28. Ne3 Qd7 29. Qb2 Kg7 30. Nc4 Qd5 31. Qd2 Rh8 32. Qf4 f5 33. Ne3
Qe4 34. Qd6 Rc8 35. Nc4 Qe1+ 36. Kh2 Qxf2 37. Qe5+ Kg8 38. Qf6 Qf4+ 39. Kh1 Qc7
40. h4 Qd8 41. Qe5 Qxh4+ 42. Kg1 Rd8 43. Nd6 Qe7 44. Nb5 Qd7 45. Qf6 a6 0-1

[Event "II Memorial Doriano Spinelli"]
[Site "Torino ITA"]
[Date "2016.12.03"]
[Round "4"]
[White "Bisi, Samuele"]
[Black "Priolo, Giuseppe"]
[WhiteElo "2084"]
[BlackElo "1461"]
[Result "1-0"]
[PlyCount "71"]
[EventDate "2016.12.01"]

1. d4 d5 2. Nf3 Nf6 3. c4 e6 4. Nc3 c6 5. cxd5 exd5 6. Bg5 Nbd7 7. e3 Be7 8.
Bd3 O-O 9. Qc2 h6 10. Bh4 Re8 11. O-O Ne4 12. Bxe7 Qxe7 13. Rab1 Ndf6 14. b4
Bg4 15. Ne5 Nxc3 16. Qxc3 Bd7 17. Rfc1 Ng4 18. Nf3 h5 19. Qc5 Qe6 20. Qc2 Qf6
21. b5 g6 22. h3 Nh6 23. Ne5 Rxe5 24. dxe5 Qh4 25. bxc6 Bxc6 26. Bb5 g5 27.
Bxc6 bxc6 28. Qxc6 g4 29. Qxa8+ Kg7 30. Rb4 Qg5 31. h4 Qxe5 32. Rd4 g3 33. Qxd5
gxf2+ 34. Kxf2 Ng4+ 35. Rxg4+ hxg4 36. Qxe5+ 1-0

[Event "II Memorial Doriano Spinelli"]
[Site "Torino ITA"]
[Date "2016.12.03"]
[Round "4"]
[White "Chianale, Angelo"]
[Black "Paparella, Nicole Samantha"]
[WhiteElo "1691"]
[BlackElo "1772"]
[Result "1-0"]
[PlyCount "81"]
[EventDate "2016.12.01"]

1. e4 e5 2. Nf3 Nc6 3. d4 exd4 4. Nxd4 Bc5 5. Nb3 Bb6 6. Nc3 d6 7. Qe2 Nf6 8.
f3 O-O 9. Bg5 Be6 10. O-O-O h6 11. Bh4 Re8 12. g4 g5 13. Be1 Ne5 14. h4 Nh7 15.
hxg5 Nxg5 16. Qh2 Ngxf3 17. Qxh6 Qg5+ 18. Qxg5+ Nxg5 19. Bd2 Ngf3 20. Nd5 Bxd5
21. exd5 Nxg4 22. Bc3 Nge5 23. Be2 Ng5 24. Rh5 Ne4 25. Bd4 Ng6 26. Bd3 Bxd4 27.
Nxd4 Nf2 28. Rf1 Nxd3+ 29. cxd3 a6 30. Kd2 Re5 31. Nf5 Kf8 32. Rfh1 Ne7 33.
Rh8+ Ng8 34. Rg1 Rxf5 35. Rgxg8+ Ke7 36. Rxa8 Rxd5 37. Rae8+ Kd7 38. Rd8+ Kc6
39. Rh7 Rb5 40. b3 Ra5 41. a4 1-0

[Event "II Memorial Doriano Spinelli"]
[Site "Torino ITA"]
[Date "2016.12.03"]
[Round "4"]
[White "Cutelli, Massimo"]
[Black "Di Chiara, Mauro"]
[WhiteElo "1850"]
[BlackElo "1933"]
[Result "0-1"]
[PlyCount "166"]
[EventDate "2016.12.01"]

1. e4 c5 2. Nc3 Nc6 3. f4 e6 4. Nf3 g6 5. Bb5 Nd4 6. O-O Bg7 7. e5 a6 8. Bd3
Nxf3+ 9. Qxf3 d5 10. exd6 Qxd6 11. Ne4 Qc7 12. c3 Ne7 13. b3 Bd7 14. Ba3 Bc6
15. Qe3 b6 16. Qe2 O-O 17. Rac1 Rfd8 18. Bb1 Bb5 19. c4 Bc6 20. d3 Nf5 21. Bb2
Nd4 22. Qf2 a5 23. Bc3 a4 24. b4 cxb4 25. Bxb4 Nb3 26. Bc3 Nxc1 27. Bxg7 Kxg7
28. Qb2+ e5 29. fxe5 Ne2+ 30. Qxe2 Bxe4 31. Qxe4 Qc5+ 32. Kh1 Qd4 33. Qb7 Qxe5
34. Qxb6 Rdb8 35. Qf2 Qe6 36. Bc2 Re8 37. Bd1 f5 38. Bf3 Rad8 39. Qb2+ Qe5 40.
Qc2 a3 41. h3 Rb8 42. Qf2 Qe3 43. Qc2 Qd4 44. Bd5 Qb2 45. Qa4 Qxa2 46. Qa7+ Kh6
47. Qd4 Qe2 48. Qf4+ Kg7 49. Qd4+ Qe5 50. Qa7+ Qe7 51. Qd4+ Kh6 52. Ra1 a2 53.
Qf4+ g5 54. Qc1 Qb4 55. c5 Qe1+ 56. Qxe1 Rxe1+ 57. Rxe1 Rb1 58. Bxa2 Rxe1+ 59.
Kh2 Rc1 60. Bc4 Ra1 61. c6 Ra7 62. Bb5 Kg7 63. d4 Kf6 64. Kg3 Ke7 65. Be2 Kd6
66. Bf3 Ra4 67. d5 Ra3 68. Kf2 Ra2+ 69. Ke3 Ke5 70. Kd3 Ra3+ 71. Kc4 Kd6 72.
Kb4 Re3 73. Kc4 g4 74. hxg4 fxg4 75. Kd4 Ra3 76. Be4 h5 77. Bf5 Rg3 78. Be4 h4
79. c7 Kxc7 80. Ke5 h3 81. gxh3 gxh3 82. Kf4 Rg7 83. Ke5 Kd8 0-1

[Event "II Memorial Doriano Spinelli"]
[Site "Torino ITA"]
[Date "2016.12.03"]
[Round "4"]
[White "Fassio, Francesco"]
[Black "Coqueraut, Lodewyk"]
[WhiteElo "1617"]
[BlackElo "1670"]
[Result "0-1"]
[PlyCount "125"]
[EventDate "2016.12.01"]

1. d4 d5 2. c4 c6 3. Nc3 Nf6 4. Nf3 Bf5 5. e3 e6 6. Bd3 Bxd3 7. Qxd3 dxc4 8.
Qxc4 Be7 9. O-O O-O 10. Rd1 Na6 11. b3 Rc8 12. Bb2 Qc7 13. Qe2 Nb4 14. a3 Nbd5
15. b4 Nxc3 16. Bxc3 Nd5 17. Rdc1 a6 18. Rc2 Bd6 19. Rac1 Qe7 20. Bd2 f5 21. e4
fxe4 22. Qxe4 Nf6 23. Qe2 Nd5 24. Bg5 Qf7 25. Re1 Rce8 26. Ne5 Bxe5 27. Qxe5
Qg6 28. Qe4 Rf5 29. Bh4 Qf7 30. Bg3 h5 31. Qd3 g5 32. h4 g4 33. Rce2 Nf4 34.
Bxf4 Rxf4 35. Qd2 Qf6 36. Rxe6 Rxe6 37. Rxe6 Qxd4 38. Qe2 Rf7 39. Rg6+ Kf8 40.
Rg5 g3 41. Rxg3 Qxh4 42. Rh3 Qg4 43. Qd2 Ke8 44. Rg3 Rd7 45. Qe3+ Re7 46. Qxe7+
Kxe7 47. Rxg4 hxg4 48. Kh2 Kf6 49. Kg3 Kf5 50. f3 gxf3 51. Kxf3 b6 52. Ke3 a5
53. bxa5 bxa5 54. Kd4 a4 55. Kc5 Kg4 56. Kxc6 Kg3 57. Kb5 Kxg2 58. Kxa4 Kf3 59.
Kb5 Ke4 60. a4 Kd5 61. Kb6 Kd6 62. a5 Kd7 63. Kb7 0-1

[Event "II Memorial Doriano Spinelli"]
[Site "Torino ITA"]
[Date "2016.12.03"]
[Round "4"]
[White "Finocchiaro, Gianluca"]
[Black "Sorcinelli, Francesco"]
[WhiteElo "2048"]
[BlackElo "2084"]
[Result "1-0"]
[PlyCount "43"]
[EventDate "2016.12.01"]

1. e4 c5 2. Na3 Nc6 3. Bb5 g6 4. Bxc6 dxc6 5. c3 Bg7 6. Nf3 Nf6 7. e5 Nd5 8. d4
cxd4 9. cxd4 O-O 10. h3 f6 11. Nc4 b5 12. Ne3 fxe5 13. Nxe5 Nxe3 14. Bxe3 Be6
15. O-O Bd5 16. Rc1 Bxe5 17. dxe5 Qd7 18. Qd4 Rad8 19. Bh6 Rf7 20. Rfe1 Bxa2
21. Qxd7 Rxd7 22. e6 1-0

[Event "II Memorial Doriano Spinelli"]
[Site "Torino ITA"]
[Date "2016.12.03"]
[Round "4"]
[White "Gola, Giorgio"]
[Black "Cerchie', Emanuele"]
[WhiteElo "1515"]
[BlackElo "1635"]
[Result "1/2-1/2"]
[PlyCount "101"]
[EventDate "2016.12.01"]

1. e4 c5 2. Nf3 d6 3. Bb5+ Bd7 4. Bxd7+ Nxd7 5. d4 cxd4 6. Nxd4 Ngf6 7. Nc3 e6
8. O-O Be7 9. Kh1 a6 10. f4 Qc7 11. Qe2 Qb6 12. Nb3 Rc8 13. e5 dxe5 14. fxe5
Nd5 15. Nxd5 exd5 16. c3 O-O 17. Nd4 Bc5 18. Nb3 Be7 19. Bf4 Rfe8 20. Rad1 Nc5
21. Nxc5 Qxc5 22. Be3 Qc6 23. Qf3 Qb5 24. Qxf7+ Kh8 25. Qxd5 Qxb2 26. Bd4 Qe2
27. Rfe1 Qc2 28. Qb3 Qxb3 29. axb3 Rc6 30. Rd3 Re6 31. Rf1 Kg8 32. Rdf3 b6 33.
Rf7 Bc5 34. Kg1 h6 35. b4 Bxd4+ 36. cxd4 Rd8 37. R7f4 a5 38. bxa5 bxa5 39. Ra1
Rd5 40. Ra4 g5 41. Rf5 Kg7 42. Kf2 Rb5 43. h3 Rb4 44. Rxa5 Rxd4 45. Ke3 Rb4 46.
Rd5 Kg6 47. g4 h5 48. Rd4 Rb3+ 49. Rd3 Rb4 50. Rd4 Rb3+ 51. Rd3 1/2-1/2

[Event "II Memorial Doriano Spinelli"]
[Site "Torino ITA"]
[Date "2016.12.03"]
[Round "4"]
[White "Messina, Francesco"]
[Black "Raccanello, Marianna"]
[WhiteElo "1953"]
[BlackElo "1872"]
[Result "0-1"]
[PlyCount "80"]
[EventDate "2016.12.01"]

1. e4 c5 2. Nf3 e6 3. d4 cxd4 4. Nxd4 a6 5. c4 Nf6 6. Nc3 Qc7 7. Be3 Bb4 8. Qc2
Bxc3+ 9. Qxc3 Nxe4 10. Nb5 axb5 11. Qxg7 Rf8 12. Bh6 Qc5 13. cxb5 d5 14. a3
Qxf2+ 15. Kd1 Nd7 16. Rc1 Qh4 17. g3 Qe7 18. Ke1 Ndf6 19. Rc7 Rg8 20. Rxe7+
Kxe7 21. Bd3 Rxg7 22. Bxg7 Bd7 23. Ke2 Rc8 24. Bh6 e5 25. Re1 Bg4+ 26. Kf1 Ke6
27. Kg2 Nc5 28. Bb1 e4 29. Be3 Ncd7 30. h3 Bf3+ 31. Kf2 Ne5 32. a4 Rc4 33. b3
Rc3 34. b4 Nfg4+ 35. hxg4 Nxg4+ 36. Kg1 Nxe3 37. a5 Ra3 38. a6 bxa6 39. bxa6
Nc4 40. b5 Kd6 0-1

[Event "II Memorial Doriano Spinelli"]
[Site "Torino ITA"]
[Date "2016.12.03"]
[Round "4"]
[White "Novaria, Ivan"]
[Black "Ferrara, Davide"]
[WhiteElo "1708"]
[BlackElo "1591"]
[Result "1-0"]
[PlyCount "123"]
[EventDate "2016.12.01"]

1. e4 e5 2. Nf3 Nf6 3. Nxe5 d6 4. Nf3 Nxe4 5. d4 d5 6. Bd3 Bd6 7. O-O O-O 8. c4
Nf6 9. c5 Be7 10. Nc3 b6 11. cxb6 axb6 12. h3 Ba6 13. Re1 Bxd3 14. Qxd3 c5 15.
dxc5 bxc5 16. Bg5 d4 17. Nb5 Nc6 18. Bf4 Nb4 19. Qc4 Nbd5 20. Bg5 Nb6 21. Qd3
Nbd7 22. a4 Re8 23. b3 Qb6 24. Rac1 Nd5 25. Bxe7 Rxe7 26. Rxe7 Nxe7 27. Re1 Nc6
28. Qf5 Nf6 29. g4 Qd8 30. Qxc5 Rc8 31. Nfxd4 Qd7 32. Nxc6 Rxc6 33. Qe7 Rc1 34.
Qe3 Rc8 35. f3 Re8 36. Qf2 Rd8 37. Re2 Rc8 38. Rd2 Rc1+ 39. Kg2 Qc8 40. Qd4 Qe8
41. Qd8 Re1 42. Qxe8+ Rxe8 43. Rb2 Nd5 44. a5 Ne3+ 45. Kg3 Re5 46. Kf4 Rxb5 47.
Kxe3 Rxa5 48. b4 Rb5 49. Kd4 Kf8 50. Kc4 Rb8 51. b5 Ke7 52. Rd2 Rc8+ 53. Kb4
Ke6 54. b6 Rb8 55. Kb5 Rb7 56. Kc6 Rb8 57. Kc7 Ra8 58. b7 Ra7 59. Kc8 Ra3 60.
b8=Q Rc3+ 61. Kd8 Rxf3 62. Qd6# 1-0

[Event "II Memorial Doriano Spinelli"]
[Site "Torino ITA"]
[Date "2016.12.03"]
[Round "4"]
[White "Tripodi, Enzo"]
[Black "Ferri, Fabio"]
[WhiteElo "1919"]
[BlackElo "1831"]
[Result "0-1"]
[PlyCount "72"]
[EventDate "2016.12.01"]

1. e4 e6 2. d4 d5 3. Nd2 Nf6 4. e5 Nfd7 5. Bd3 c5 6. c3 Nc6 7. Ne2 Qb6 8. Nf3
cxd4 9. cxd4 f6 10. exf6 Nxf6 11. Nc3 Bd6 12. O-O O-O 13. Be3 a6 14. Na4 Qc7
15. Rc1 Bf4 16. Bxf4 Qxf4 17. Nb6 Rb8 18. Nxc8 Rbxc8 19. Re1 Ne4 20. Bc2 Rf6
21. Re3 Rcf8 22. Ba4 g5 23. Bxc6 bxc6 24. g3 Qg4 25. Ne5 Qxd1+ 26. Rxd1 Rxf2
27. Ng4 Rxb2 28. Rc1 h5 29. Ne5 Rff2 30. Nd3 Rg2+ 31. Kf1 Rxa2 32. Rxc6 Rxh2
33. Rc8+ Kg7 34. Rc7+ Kh6 35. Kg1 Rag2+ 36. Kf1 Nd2+ 0-1

[Event "II Memorial Doriano Spinelli"]
[Site "Torino ITA"]
[Date "2016.12.03"]
[Round "4"]
[White "Wisbey, Danilo"]
[Black "Zuccaro, Marco"]
[WhiteElo "1585"]
[BlackElo "1895"]
[Result "0-1"]
[PlyCount "144"]
[EventDate "2016.12.01"]

1. d4 d5 2. Nf3 Nf6 3. Bf4 c6 4. c3 Nbd7 5. e3 e6 6. Nbd2 b6 7. Bd3 Be7 8. Ne5
Bb7 9. Qf3 a6 10. Qh3 c5 11. Ndf3 Ne4 12. Nxd7 Qxd7 13. Ne5 Qd8 14. f3 Nd6 15.
Ke2 Bg5 16. g3 h5 17. Rag1 Bf6 18. g4 g5 19. Bg3 h4 20. Bf2 Bxe5 21. dxe5 Nc4
22. Bxc4 dxc4 23. Rd1 Qc7 24. Rd6 Rd8 25. Rhd1 Rxd6 26. exd6 Qc6 27. e4 e5 28.
Qf1 Kd7 29. Qe1 f6 30. h3 Qa4 31. a3 Rd8 32. Kf1 Ke6 33. Qe2 Rd7 34. Ke1 Qb3
35. Qd2 Qb5 36. Qe2 Bc6 37. Kf1 a5 38. Rd2 Bb7 39. Rd1 Ba6 40. Qd2 Bb7 41. Qe2
Rd8 42. Ke1 Kd7 43. Qd2 Re8 44. Qe2 Re6 45. Bg1 Bc6 46. Rd2 Qb3 47. Kf1 Ba4 48.
Ke1 Qa2 49. Kf1 Qb1+ 50. Kg2 Qa2 51. Kf1 Qb3 52. Ke1 Qb5 53. Kf2 Bb3 54. Rd5
Ba2 55. Qc2 Bb3 56. Qe2 Qc6 57. Qd2 Rxd6 58. Rxd6+ Qxd6 59. Qxd6+ Kxd6 60. Ke2
Bc2 61. Kd2 Bd3 62. Ke1 Kc6 63. Bh2 Kb5 64. Kf2 Ka4 65. Ke3 Kb3 66. f4 exf4+
67. Bxf4 gxf4+ 68. Kxf4 Kxb2 69. Kf5 Kxc3 70. Kxf6 Bxe4 71. Kg5 Kd4 72. Kxh4 c3
0-1

[Event "II Memorial Doriano Spinelli"]
[Site "Torino ITA"]
[Date "2016.12.04"]
[Round "5"]
[White "Cerchie', Emanuele"]
[Black "Novaria, Ivan"]
[WhiteElo "1635"]
[BlackElo "1708"]
[Result "1-0"]
[PlyCount "153"]
[EventDate "2016.12.01"]

1. d4 d5 2. c4 e6 3. Nc3 Nf6 4. Bg5 Be7 5. e3 Nbd7 6. Nf3 h6 7. Bh4 O-O 8. cxd5
exd5 9. Bd3 Re8 10. O-O c6 11. Qc2 Nf8 12. Rab1 a6 13. b4 Bd7 14. a4 Nh5 15.
Bxe7 Qxe7 16. b5 axb5 17. axb5 Nf6 18. Ne5 Rec8 19. bxc6 Bxc6 20. Nxc6 bxc6 21.
Na4 Rc7 22. Rfc1 N8d7 23. Nb6 Nxb6 24. Rxb6 g6 25. Rxc6 Rxc6 26. Qxc6 Ra3 27.
Be2 Qe6 28. g3 Qf5 29. Qc8+ Qxc8 30. Rxc8+ Kg7 31. Bf3 Ra6 32. Rc5 Rd6 33. Kf1
g5 34. h3 h5 35. Ke2 g4 36. hxg4 hxg4 37. Bg2 Kf8 38. f3 gxf3+ 39. Bxf3 Kg7 40.
Kd3 Kg6 41. e4 dxe4+ 42. Bxe4+ Nxe4 43. Kxe4 Re6+ 44. Re5 Ra6 45. Kf4 Ra4 46.
Rd5 Ra1 47. Rd8 Rf1+ 48. Ke5 Re1+ 49. Kf4 Rf1+ 50. Ke3 Kf6 51. Ke2 Rg1 52. Kf2
Rd1 53. Kf3 Rf1+ 54. Kg4 Ke7 55. Rd5 Ke6 56. Ra5 Rd1 57. d5+ Kd6 58. Kg5 Rf1
59. g4 Rh1 60. Ra7 Rf1 61. Ra6+ Kxd5 62. Rf6 Rg1 63. Rxf7 Ke6 64. Rf2 Ke7 65.
Kh5 Ra1 66. g5 Ra5 67. Kh6 Ra1 68. g6 Rh1+ 69. Kg7 Rh3 70. Kg8 Rh1 71. g7 Rh3
72. Re2+ Kd7 73. Re4 Rf3 74. Kh7 Rh3+ 75. Kg6 Rg3+ 76. Kh6 Rh3+ 77. Kg5 1-0

[Event "II Memorial Doriano Spinelli"]
[Site "Torino ITA"]
[Date "2016.12.04"]
[Round "5"]
[White "Chiabrando, Davide"]
[Black "Tripodi, Enzo"]
[WhiteElo "1693"]
[BlackElo "1919"]
[Result "1-0"]
[PlyCount "89"]
[EventDate "2016.12.01"]

1. e4 c5 2. Nf3 d6 3. d4 cxd4 4. Nxd4 Nf6 5. Nc3 a6 6. Be3 e5 7. Nb3 Be6 8. f3
Be7 9. Qd2 Nbd7 10. g4 b5 11. O-O-O O-O 12. h4 Nb6 13. Qf2 Nc4 14. Bxc4 bxc4
15. Nc5 Qc7 16. Nxe6 fxe6 17. Qg3 Rad8 18. g5 Ne8 19. h5 Rb8 20. Qg4 Qc8 21.
Rdg1 Nc7 22. g6 h6 23. Qg2 Qe8 24. Rh3 Bf6 25. Qd2 Qe7 26. Bxh6 gxh6 27. Qxh6
Ne8 28. Qd2 Bh8 29. h6 Rf4 30. g7 Nxg7 31. hxg7 Bxg7 32. Qh2 Qb7 33. Rh8+ Kf7
34. Qh5+ Kf6 35. Rg6+ Kf7 36. Rg5+ Kf6 37. Rg6+ Kf7 38. Rxg7+ Kxg7 39. Qh6+ Kf7
40. Rh7+ Ke8 41. Qxe6+ Kf8 42. Rxb7 Rxb7 43. Qxd6+ Kg7 44. Qxe5+ Rf6 45. Nd5
1-0